000 00999nam0a22002771 4500
001 rc\2616666
005 20230502164224.0
035 _a(NLR Aleph) 006780410
090 _a6038283
_c6038283
100 _a20110914d1931 |||y0rusy50 ca
101 0 _arus
102 _aRU
105 _aa z |||||
200 1 _aКино в коробке. (Стробоскоп)
_e[Издание для детей]
_fБ. Житков
_gРис. автора
205 _a2-е изд.
210 _aМосква
_aЛенинград
_cОгиз - Мол. гвардия
_d1931
_eЛенинград
_gтип. им. Евг. Соколовой
215 _a20, [3] с., 8 вкл. л. ил.
_cил.
_d17х13 см.
300 _aНа обл.: Борис Житков
517 0 _aСтробоскоп
700 1 _aЖитков
_bБ. С.
_f1882-1938
_gБорис Степанович
801 0 _aRU
_bNLR
_gpsbo
801 1 _aRU
_bELAR
_2rusmarc
852 _aNLR
_j31-8/6073
942 _cBOOK
980 _aNB